The tabernacle, the priesthood and the offerings. (Record no. 2528)

000 -LEADER
fixed length control field 00737nam a2200193 a 4500
001 - CONTROL NUMBER
control field :::00000253$&:&@@
003 - CONTROL NUMBER IDENTIFIER
control field OkBaRHE
005 - DATE AND TIME OF LATEST TRANSACTION
control field 20000607103237.0
008 - FIXED-LENGTH DATA ELEMENTS--GENERAL INFORMATION
fixed length control field s1985 j 000 0 eng u
040 ## - CATALOGING SOURCE
Transcribing agency
100 1# - MAIN ENTRY--PERSONAL NAME
Personal name Soltau, Henry W., 1805-1875.
245 14 - TITLE STATEMENT
Title The tabernacle, the priesthood and the offerings.
260 ## - PUBLICATION, DISTRIBUTION, ETC. (IMPRINT)
Place of publication, distribution, etc Grand Rapids, MI., :
Name of publisher, distributor, etc Kregel Publications
Date of publication, distribution, etc 1985
300 ## - PHYSICAL DESCRIPTION
Extent xii, 474 p. ;
Dimensions 22 cm.
650 ## - SUBJECT ADDED ENTRY--TOPICAL TERM
Topical term or geographic name as entry element Tabernacle
942 ## - ADDED ENTRY ELEMENTS (KOHA)
Source of classification or shelving scheme
Koha item type Books
Copies
Full call number Date checked out Shelving location Source of classification or shelving scheme Price effective from Barcode Current Location Total Renewals Not for loan Date acquired Koha item type Lost status Total Checkouts Permanent Location Date last seen Withdrawn status Copy number Damaged status
BM 654 .S562011-12-15General Stacks 2010-04-14253RHEMA Bible Training College1 2010-04-14Books 1RHEMA Bible Training College2018-01-09 1 
BM 654 .S562010-12-15General Stacks 2010-04-1416460RHEMA Bible Training College  2010-04-14Books 1RHEMA Bible Training College2018-01-09 2